| 000 | 00833cab a2200253 4500 | ||
|---|---|---|---|
| 001 | ABS44611 | ||
| 008 | 090401t1991 xxu||||| |||| 00| 0 eng d | ||
| 035 | _a(Sirsi) u48008 | ||
| 041 | _aeng | ||
| 100 | _aThompson, N. | ||
| 245 | _aVaulting ambition: air rights buildings | ||
| 260 | _c1991 | ||
| 350 | _a0 | ||
| 490 |
_aArchitects` Journal _v26(193) 26 June 1991, 47-48(2) |
||
| 520 | _aDiscusses the growing trend towards building over roads and railways when landowners sell the air rights over a property ie the right to use the air space above a site due to high land values . | ||
| 650 | _aAIR RIGHTS | ||
| 650 |
_aContracts _96232 |
||
| 650 | _aEMBANKMENT PLACE | ||
| 650 | _aRAILWAY STATIONS | ||
| 690 | _aBUILT ENVIRONMENT-CONSTRUCTION DESIGN | ||
| 700 | _aBarrie, M. | ||
| 942 | _n0 | ||
| 948 | _c04/03/1997 | ||
| 999 |
_c30176 _d30176 |
||